Faktory ovplyvňujúce mieru daňového zaťaženia daňou z príjmu fyzických osôb dizertačná práca
Salvato in:
| Autore principale: | |
|---|---|
| Ente Autore: | |
| Altri autori: | |
| Natura: | Libro |
| Lingua: | slovacco |
| Pubblicazione: |
Bratislava
2013
|
| Soggetti: | |
| Tags: |
Nessun Tag, puoi essere il primo ad aggiungerne!!
|
MARC
| LEADER | 00000nbm a2200000 4500 | ||
|---|---|---|---|
| 001 | 0176124 | ||
| 005 | 20240502073014.3 | ||
| 041 | 0 | |a slo | |
| 044 | |a SK | ||
| 245 | 1 | 0 | |a Faktory ovplyvňujúce mieru daňového zaťaženia daňou z príjmu fyzických osôb |b dizertačná práca |c Adriana Vassová ; školiteľ: Alena Zubaľová |
| 264 | 1 | |a Bratislava |c 2013 | |
| 300 | |a 138 s. | ||
| 610 | 2 | 0 | |a zaťaženie daňové |
| 610 | 2 | 0 | |a dane |
| 610 | 2 | 0 | |a dane z príjmov |
| 100 | 1 | |a Vassová, Adriana | |
| 700 | 1 | |a Zubaľová, Alena, 1959- | |
| 710 | 2 | |a Národohospodárska fakulta EU. Katedra financií | |